书目信息 |
| 题名: |
下一个轮到你
|
|
| 作者: | 萨姆森 著 ;傅兴潮 译 | |
| 分册: | ||
| 出版信息: | 北京 中国劳动社会保障出版社 2004.04 |
|
| 页数: | 184页 | |
| 开本: | 21cm | |
| 丛书名: | 科文求职问津丛书 | |
| 单 册: | ||
| 中图分类: | B834.3 , C913.2 | |
| 科图分类: | ||
| 主题词: | 个人--形象--设计 , 社会生活 , 社会问题 | |
| 电子资源: | ||
| ISBN: | 7-5045-3076-X | |
| 000 | 00960nam2 2200301 45 | |
| 001 | 012004000000 | |
| 005 | 20041021152211.38 | |
| 010 | @a7-5045-3076-X@dCNY 9.80 | |
| 100 | @a20040714d2004 em y0chiy0121 ea | |
| 101 | 1 | @achi@ceng |
| 102 | @aCN@b110000 | |
| 105 | @af z 000yy | |
| 200 | 1 | @a下一个轮到你@Axia yi ge lun dao ni@d101 ways to make a professional impact@e如何梳理自己的职场形象@f(美)埃勒瑞·萨姆森著@g傅兴潮译@zeng |
| 210 | @a北京@c中国劳动社会保障出版社@d2004.04 | |
| 215 | @a184页@c图@d21cm | |
| 225 | 2 | @a科文求职问津丛书 |
| 410 | 0 | @12001 @a科文求职问津丛书 |
| 510 | 1 | @a101 ways to make a professional impact@zeng |
| 517 | 1 | @a如何梳理自己的职场形象 |
| 606 | 0 | @a个人@x形象@x设计 |
| 606 | 0 | @a社会生活 |
| 606 | 0 | @a社会问题 |
| 690 | @aB834.3@v4 | |
| 690 | @aC913.2@v3 | |
| 701 | 1 | @a萨姆森@Asa mu sen@b埃勒瑞@4著 |
| 702 | 0 | @a傅兴潮@Afu xing chao@4译 |
| 801 | 0 | @aCN@bQSSKw@c20041021 |
| 905 | @a10447@dC913.2@eA287 | |
| 下一个轮到你=101 ways to make a professional impact:如何梳理自己的职场形象/(美)埃勒瑞·萨姆森著/傅兴潮译.-北京:中国劳动社会保障出版社,2004.04 |
| 184页:图;21cm.-(科文求职问津丛书) |
| ISBN 7-5045-3076-X:CNY 9.80 |
| ● |
| 相关链接 |
|
|
|
正题名:下一个轮到你
索取号:C913.2/A287
 
预约/预借
| 序号 | 登录号 | 条形码 | 馆藏地/架位号 | 状态 | 备注 |
| 1 | 422024 | 204220244 | 社科库509/509社科库 61排4列6层/ [索取号:C913.2/A287] | 在馆 | |
| 2 | 422025 | 204220253 | 社科库509/509社科库 61排4列6层/ [索取号:C913.2/A287] | 在馆 | |
| 3 | 422026 | 204220262 | 社科库509/509社科库 61排4列6层/ [索取号:C913.2/A287] | 在馆 |